Normal view
MARC view
Entry Personal Name
001 - CONTROL NUMBER
- control field: 41415
003 - CONTROL NUMBER IDENTIFIER
- control field: ARRUPE
005 - DATE AND TIME OF LATEST TRANSACTION
- control field: 20180411114258.0
008 - FIXED-LENGTH DATA ELEMENTS
- fixed length control field: 180411|| aca||aabn | a|a d
040 ## - CATALOGING SOURCE
- Original cataloging agency: ARRUPE
- Transcribing agency: ARRUPE
100 ## - HEADING--PERSONAL NAME
- Personal name: Selassie, Abebe A.
670 ## - SOURCE DATA FOUND
- Source citation: Work cat.: (ARRUPE)0: Selassie, Abebe A., Designing monetary and fiscal policy in low-income countries /, 2006.